| 000 | 00572 a2200181 4500 | ||
|---|---|---|---|
| 005 | 20240513125308.0 | ||
| 010 | _aB-759010 | ||
| 020 |
_a _c0.00 |
||
| 035 | _aB-759010 | ||
| 037 | _bGift/Unesco | ||
| 082 | _a954 | ||
| 245 | _aOutreach/ | ||
| 260 |
_aNew Delhi _bUnicef _c1998 |
||
| 270 | _bNew Delhi | ||
| 300 |
_a199 p. _c28cm (Hb) |
||
| 942 |
_adpl _cEN _2ddc _h957 _mOUT |
||
| 999 |
_c202830 _d202830 |
||